• 首页
  • 本馆介绍
  • 公告通知
  • 最新文献
  • 馆藏检索
  • 电子资源
  • 读者导购
  • 参考咨询
  • 我的图书馆
  • 登录
  • 详细信息显示
  • 放入我的书架
  • 预约/预借图书
  • 作者相关作品
  • 分类相关作品
  • 丛书相关作品
  • 出版社相关作品

书目信息

  • 表格格式
  • 工作单格式
  • 卡片格式
题名:
道路施工法
    
 
作者: 佐藤秀一 著 ;赵恩棠 译
分册:  
出版信息: 北京   人民交通出版社  1984.5
页数: 597页
开本: 20cm
丛书名:
单 册:
中图分类: U415
科图分类:
主题词: 道路工程
电子资源:
ISBN:
000 00570nam0 2200205 45
001 0312221749
005 20031222170902.0
010    @dCNY3.55
100    @a20031222d1984 km y0chiy0120 ea
101    @achi
105    @a z 000yy
200 1  @a道路施工法@ADao Lu Shi Gong Fa@f(日)佐藤秀一等著@F(Ri)Zuo Teng Xiu Yi Deng Zhu@g赵恩棠等译
210    @a北京@c人民交通出版社@d1984.5
215    @a597页@d20cm
606 0  @a道路工程
690    @aU415@v3
701 0  @a佐藤秀一@4著
702 0  @a赵恩棠@4译
801    @aCN@bTSTCL@c20031222
905    @a213230@dU415@e18@b110217@f1
    
    道路施工法/(日)佐藤秀一等著/赵恩棠等译.-北京:人民交通出版社,1984.5
    597页;20cm
    
    
    ISBN :CNY3.55
    
●
相关链接 在E读中查询图书 在五车中查询图书 在当当中查询图书 在豆瓣中查询图书


正题名:道路施工法     索取号:U415/18         预约/预借

序号 登录号 条形码 馆藏地/架位号 状态 备注
1 0110217   001487894   第二样本阅览室/ [索取号:U415/18] 在馆    
唐山师范学院图书馆 欢迎您!
大连网信软件有限公司© 版权所有